000 00250nam a2200097Ia 4500
001 670652
005 20250826160811.0
008 250824s9999 xx 000 0 und d
245 0 _aAkıllı Pireler Gökkuş Diz
_cGülten Dayıoğlu
260 _bALTIN
999 _c670652
_d670652